Central Library OPAC University of Rajshahi

The Cambridge movement : (Record no. 16609)

MARC details
000 -LEADER
fixed length control field 00881cam a22002771 4500
001 - CONTROL NUMBER
control field 16609
003 - CONTROL NUMBER IDENTIFIER
rucl marc code BD-RjUL
005 - DATE AND TIME OF LATEST TRANSACTION
control field 20211209000030.0
008 - FIXED-LENGTH DATA ELEMENTS--GENERAL INFORMATION
fixed length control field 140215s1962 enk 001 0 eng
035 ## - SYSTEM CONTROL NUMBER
System control number (BD-RjUL)16664
System control number (OCoLC)1269113
040 ## - CATALOGING SOURCE
Original cataloging agency DLC
Transcribing agency OClU
Modifying agency OCoLC
-- FTaSU
-- Uk
-- DLC
-- BD-RjUL
Language of cataloging eng
041 ## - LANGUAGE CODE
Language code of text/sound track or separate title eng
082 00 - DEWEY DECIMAL CLASSIFICATION NUMBER
Classification number 283
Author mark and year WHC 1962
100 1# - MAIN ENTRY--PERSONAL NAME
Personal name White, James F.
9 (RLIN) 51312
245 14 - TITLE STATEMENT
Title The Cambridge movement :
Remainder of title The ecclesiologists and the Gothic revival /
Statement of responsibility, etc. James F. White.
260 ## - PUBLICATION, DISTRIBUTION, ETC. (IMPRINT)
Place of publication, distribution, etc. Cambridge :
Name of publisher, distributor, etc. University Press,
Date of publication, distribution, etc. 1962.
300 ## - PHYSICAL DESCRIPTION
Pagination xii, 272 p. :
Illustrations 8 plates ;
Size 23 cm.
504 ## - BIBLIOGRAPHY, ETC. NOTE
Bibliography, etc Bibliography: p. 237-253 and index.
610 20 - SUBJECT ADDED ENTRY--CORPORATE NAME
Corporate name or jurisdiction name as entry element Ecclesiological Society.
650 #0 - SUBJECT ADDED ENTRY--TOPICAL TERM
Topical term or geographic name as entry element Churches, Anglican.
9 (RLIN) 51314
Topical term or geographic name as entry element Church architecture
Geographic subdivision Great Britain.
9 (RLIN) 51315
942 ## - ADDED ENTRY ELEMENTS (KOHA)
Source of classification or shelving scheme Dewey Decimal Classification
Koha item type Books
Holdings
Lost status Source of classification or shelving scheme Damaged status Not for loan Collection code Permanent Location Current Location Shelving location Date acquired Source of acquisition Cost, normal purchase price Total Checkouts Full call number Date last seen Copy number Koha item type
  Dewey Decimal Classification   Not For Loan Non-fiction Central Library, University of Rajshahi Central Library, University of Rajshahi Reading Room 08/10/1964 Zeitlinger 45.00   283 WHC 1962 15/02/2014 C-1 Books